[Event "Mumbai Aurionpro U14 op"]
[Site "Mumbai"]
[Date "2025.06.23"]
[Round "8"]
[White "Advik, Amit Agrawal"]
[Black "Kumar S, Madhesh"]
[Result "1/2-1/2"]
[WhiteElo "2218"]
[BlackElo "2243"]
[PlyCount "80"]
[EventDate "2025.06.16"]
[EventType "swiss"]
[EventRounds "9"]
[EventCountry "IND"]
[SourceTitle "CB26_2025"]
[SourceDate "2025.06.25"]
[SourceVersion "1"]
[SourceVersionDate "2025.06.25"]
[SourceQuality "1"]

1. e4 c5 2. Nf3 d6 3. Bb5+ Nd7 4. 0-0 a6 5. Bd3 Ngf6 6. c3 b5 7. Re1 Bb7 8. a4 e6 9. Bc2 Be7 10. d4 cxd4 11. cxd4 0-0 12. e5 dxe5 13. dxe5 Nd5 14. axb5 axb5 15. Rxa8 Qxa8 16. Bg5 Bxg5 17. Nxg5 g6 18. Qd3 Qa5 19. Qd2 Qxd2 20. Nxd2 Nb4 21. Be4 Bxe4 22. Rxe4 Nd5 23. Re1 Rc8 24. Ngf3 Rc2 25. b3 Nc5 26. Ra1 Rb2 27. h4 Nxb3 28. Ra8+ Kg7 29. Ne4 Rb1+ 30. Kh2 Ra1 31. Rb8 b4 32. Nd6 Nc5 33. g4 h6 34. Ne8+ Kh7 35. g5 Ra3 36. Kg2 Nf4+ 37. Kg3 Ne2+ 38. Kg2 Nf4+ 39. Kg3 Ne2+ 40. Kg2 Nf4+ 1/2-1/2

[Event "Mumbai Aurionpro U14 op"]
[Site "Mumbai"]
[Date "2025.06.19"]
[Round "4"]
[White "Advik, Amit Agrawal"]
[Black "Maras, Sahejveer Singh"]
[Result "1-0"]
[WhiteElo "2218"]
[BlackElo "1849"]
[PlyCount "143"]
[EventDate "2025.06.16"]
[EventType "swiss"]
[EventRounds "9"]
[EventCountry "IND"]
[SourceTitle "CB26_2025"]
[SourceDate "2025.06.25"]
[SourceVersion "1"]
[SourceVersionDate "2025.06.25"]
[SourceQuality "1"]

1. e4 c6 2. d4 d5 3. Nc3 dxe4 4. Nxe4 Nf6 5. Nxf6+ exf6 6. c3 Bd6 7. Bd3 Be6 8. Ne2 Qc7 9. Be3 Nd7 10. Qd2 Nb6 11. Nf4 Bc4 12. b3 Bxd3 13. Nxd3 Nd7 14. c4 c5 15. dxc5 Nxc5 16. Bxc5 Bxc5 17. Qe2+ Be7 18. 0-0 0-0 19. Rfe1 Bd6 20. h3 Qc6 21. Qe4 Qxe4 22. Rxe4 Rfe8 23. Rae1 Kf8 24. Kf1 Rxe4 25. Rxe4 Rd8 26. Ke2 b6 27. g4 a5 28. Kd2 g6 29. Kc2 h6 30. Rd4 Ke7 31. Rd5 Bc7 32. Rb5 Kd7 33. a4 Re8 34. Rd5+ Kc6 35. b4 Rd8 36. b5+ Kb7 37. Rxd8 Bxd8 38. Nf4 Kc7 39. Kd3 f5 40. gxf5 gxf5 41. Nd5+ Kd6 42. f3 Ke5 43. f4+ Kd6 44. Ne3 Ke6 45. Nc2 Bc7 46. Nd4+ Kf6 47. Ke3 Bd6 48. Nb3 Ke6 49. Nd4+ Kf6 50. Nc6 Bc5+ 51. Kf3 h5 52. Ne5 Ke6 53. Nd3 Bd6 54. Ke3 Bc7 55. Kd4 Kd6 56. Ne5 f6 57. Nf3 Bd8 58. Nh4 Ke6 59. c5 bxc5+ 60. Kxc5 Be7+ 61. Kc6 Bd6 62. Ng2 h4 63. b6 Bb8 64. Kb5 Kd5 65. Kxa5 Kc5 66. Ka6 Kd4 67. Kb7 Bd6 68. a5 Ke4 69. a6 Kf3 70. Nxh4+ Kxf4 71. a7 Kg5 72. Nf3+ 1-0

[Event "Mumbai Aurionpro GM op"]
[Site "Mumbai"]
[Date "2025.06.19"]
[Round "4"]
[White "Advik, Amit Agrawal"]
[Black "Slizhevsky, Alexander"]
[Result "1/2-1/2"]
[WhiteElo "2218"]
[BlackElo "2372"]
[PlyCount "80"]
[EventDate "2025.06.16"]
[EventType "swiss"]
[EventRounds "9"]
[EventCountry "IND"]
[SourceTitle "CB26_2025"]
[SourceDate "2025.06.25"]
[SourceVersion "1"]
[SourceVersionDate "2025.06.25"]
[SourceQuality "1"]

1. e4 c5 2. Nf3 d6 3. Bb5+ Bd7 4. Bxd7+ Qxd7 5. 0-0 Nc6 6. c3 Nf6 7. Re1 e6 8. d4 cxd4 9. cxd4 d5 10. e5 Ne4 11. Nbd2 Nxd2 12. Bxd2 Be7 13. Rc1 0-0 14. Rc3 Rfc8 15. a3 b5 16. Rd3 b4 17. h4 bxa3 18. bxa3 Bd8 19. Ng5 h6 20. Qh5 hxg5 21. hxg5 Ba5 22. Rh3 Kf8 23. Qh8+ Ke7 24. Qxg7 Rg8 25. Qf6+ Kf8 26. Rh8 Qd8 27. Qh6+ Ke7 28. Qf6+ Kf8 29. Qh6+ Ke7 30. Qf6+ Kd7 31. Qxf7+ Qe7 32. Qxe7+ Kxe7 33. Rh7+ Kf8 34. Bxa5 Nxa5 35. f4 Rg7 36. Rh8+ Rg8 37. Rh7 Rg7 38. Rh8+ Rg8 39. Rh7 Rg7 40. Rh8+ Rg8 1/2-1/2

[Event "New Delhi op 21st"]
[Site "New Delhi"]
[Date "2025.06.12"]
[Round "8"]
[White "Advik, Amit Agrawal"]
[Black "Aleksandrov, Aleksej"]
[Result "0-1"]
[WhiteElo "2218"]
[BlackElo "2370"]
[PlyCount "73"]
[EventDate "2025.06.07"]
[EventType "swiss"]
[EventRounds "10"]
[EventCountry "IND"]
[SourceTitle "CB26_2025"]
[SourceDate "2025.06.25"]
[SourceVersion "1"]
[SourceVersionDate "2025.06.25"]
[SourceQuality "1"]

1. e4 e5 2. Nf3 Nc6 3. Nc3 Nf6 4. d4 exd4 5. Nxd4 Bb4 6. Nxc6 bxc6 7. Bd3 d5 8. exd5 cxd5 9. 0-0 0-0 10. Bg5 c6 11. Qf3 Rb8 12. h3 a5 13. Ne2 Bd6 14. Nd4 Bd7 15. Nf5 Be5 16. Rae1 Re8 17. Re2 Bxb2 18. Rxe8+ Qxe8 19. Bf4 Bxf5 20. Bxf5 Ra8 21. Rd1 a4 22. g4 g6 23. Bd3 Qe6 24. g5 Ne4 25. Kg2 Nc3 26. Rh1 Nxa2 27. Bd2 a3 28. Re1 Qd6 29. c3 Nxc3 30. Bxc3 Bxc3 31. Bxg6 hxg6 32. Qxc3 d4 33. Qb3 a2 34. Ra1 d3 35. Qb7 Ra5 36. Qb6 Rxg5+ 37. Kf1 0-1

[Event "Kottayam op"]
[Site "Kottayam"]
[Date "2025.05.01"]
[Round "3"]
[White "Advik, Amit Agrawal"]
[Black "Deepan Chakkravarthy, J."]
[Result "0-1"]
[WhiteElo "2007"]
[BlackElo "2394"]
[PlyCount "130"]
[EventDate "2025.04.30"]
[EventType "swiss"]
[EventRounds "10"]
[EventCountry "IND"]
[SourceTitle "CB19_2025"]
[SourceDate "2025.05.07"]
[SourceVersion "1"]
[SourceVersionDate "2025.05.07"]
[SourceQuality "1"]

1. e4 g6 2. d4 Bg7 3. Nc3 c6 4. Nf3 d5 5. e5 Bg4 6. Be2 e6 7. 0-0 a6 8. h3 Bxf3 9. Bxf3 c5 10. dxc5 Nd7 11. Bf4 Ne7 12. Re1 0-0 13. b4 Nc6 14. Rb1 Ndxe5 15. Bxe5 Nxe5 16. Na4 Rc8 17. Nb6 Rc7 18. Be2 Nd7 19. c4 d4 20. Nxd7 Rxd7 21. Bd3 e5 22. Be4 f5 23. c6 bxc6 24. Bxc6 Rd6 25. b5 axb5 26. Bxb5 Qc7 27. Qd2 e4 28. Qf4 d3 29. Ba4 Rd7 30. Qxc7 Rxc7 31. Kf1 Kh8 32. Bb3 Bd4 33. Red1 Kg7 34. Rbc1 Bc5 35. Ba4 Ra8 36. Bb3 Kf6 37. g3 Ke5 38. Kg2 g5 39. Rb1 Kd4 40. Kh1 Ra3 41. Re1 h5 42. Rbd1 Rca7 43. Kg2 f4 44. h4 f3+ 45. Kh3 g4+ 46. Kh2 Rxa2 47. Bxa2 Rxa2 48. Kg1 Re2 49. Rf1 Kxc4 50. Rc1+ Kd5 51. Ra1 d2 52. Rad1 Kc4 53. Rb1 Bb4 54. Rbd1 Re1 55. Rb1 Bc3 56. Rd1 Rxd1 57. Rxd1 Kd3 58. Kh2 Ke2 59. Rb1 e3 60. fxe3 d1Q 61. Rxd1 Kxd1 62. e4 f2 63. e5 f1Q 64. e6 Qh3+ 65. Kg1 Bd4# 0-1

[Event "Goa op"]
[Site "Taleigao"]
[Date "2025.01.11"]
[Round "1"]
[White "Advik, Amit Agrawal"]
[Black "Sethuraman, SP."]
[Result "0-1"]
[WhiteElo "2041"]
[BlackElo "2560"]
[PlyCount "70"]
[EventDate "2025.01.11"]
[EventType "swiss"]
[EventRounds "10"]
[EventCountry "IND"]
[SourceTitle "CB04_2025"]
[SourceDate "2025.01.22"]
[SourceVersion "1"]
[SourceVersionDate "2025.01.22"]
[SourceQuality "1"]

1. e4 c5 2. Nf3 Nc6 3. Bb5 Nf6 4. Bxc6 dxc6 5. d3 Qc7 6. 0-0 e5 7. Nbd2 Be6 8. b3 Be7 9. Bb2 Nd7 10. Nc4 f6 11. Qe2 a5 12. a4 Nf8 13. Ne3 Ng6 14. g3 Qd7 15. h4 h5 16. Nd2 Bd6 17. Ndc4 Bc7 18. Ng2 Bh3 19. Nce3 0-0-0 20. Rfd1 Nf8 21. f4 Ne6 22. Qf2 Nd4 23. c3 Nxb3 24. Ra3 Bxg2 25. Kxg2 exf4 26. gxf4 c4 27. dxc4 Qe6 28. Qc2 Bxf4 29. Rxb3 Bxe3 30. Kf3 Qh3+ 31. Ke2 Qg2+ 32. Kxe3 Qxc2 33. Rxd8+ Rxd8 34. Rb6 Rd3+ 35. Kf4 Qf2# 0-1

[Event "IND-ch U09 37th"]
[Site "Pune"]
[Date "2024.12.28"]
[Round "3"]
[White "Shivin, K."]
[Black "Advik, Amit Agrawal"]
[Result "0-1"]
[WhiteElo "1521"]
[BlackElo "2064"]
[PlyCount "82"]
[EventDate "2024.12.27"]
[EventType "swiss"]
[EventRounds "11"]
[EventCountry "IND"]
[SourceTitle "CB02_2025"]
[SourceDate "2025.01.08"]
[SourceVersion "1"]
[SourceVersionDate "2025.01.08"]
[SourceQuality "1"]

1. d4 Nf6 2. c4 e6 3. Nc3 Bb4 4. e3 d5 5. cxd5 exd5 6. Bd3 0-0 7. Nge2 c6 8. 0-0 Re8 9. Qc2 Bd6 10. h3 Nbd7 11. Rd1 Nf8 12. a3 Qe7 13. b4 Ng6 14. f3 a5 15. bxa5 Rxa5 16. Qd2 Bc7 17. e4 dxe4 18. fxe4 Bb6 19. Kh1 Nh5 20. e5 h6 21. Ne4 Rd5 22. Nd6 Rxd6 23. exd6 Qxd6 24. Bxg6 fxg6 25. Nf4 Bc7 26. g3 Nxg3+ 27. Kg2 Nf5 28. Re1 Rf8 29. Qb4 Qf6 30. Qc4+ Kh7 31. Qd3 Qg5+ 32. Kh1 Ng3+ 33. Kh2 Nh5 34. Rg1 Bxf4+ 35. Bxf4 Qxf4+ 36. Kh1 Bf5 37. Qf1 Be4+ 38. Rg2 Ng3+ 39. Kg1 Nxf1 40. Rxf1 Qxf1+ 41. Kh2 Qxg2# 0-1

[Event "Wch U10"]
[Site "Montesilvano"]
[Date "2024.11.23"]
[Round "8"]
[White "Advik, Amit Agrawal"]
[Black "Zhang, Junyi"]
[Result "1-0"]
[WhiteElo "1982"]
[BlackElo "2061"]
[PlyCount "81"]
[EventDate "2024.11.15"]
[EventType "swiss"]
[EventRounds "11"]
[EventCountry "ITA"]
[SourceTitle "CB48_2024"]
[SourceDate "2024.11.28"]
[SourceVersion "1"]
[SourceVersionDate "2024.11.28"]
[SourceQuality "1"]

1. e4 c5 2. Nf3 e6 3. b3 Nc6 4. Bb2 a6 5. c4 d6 6. d4 cxd4 7. Nxd4 Nf6 8. Bd3 Be7 9. 0-0 0-0 10. Nd2 Bd7 11. Qe2 Rc8 12. N2f3 Nxd4 13. Nxd4 e5 14. Nf5 Bxf5 15. exf5 Re8 16. Rad1 Bf8 17. Rfe1 Qa5 18. Bb1 b5 19. cxb5 axb5 20. Qf3 Qc7 21. g4 Qc6 22. Qg3 Qb6 23. h3 Qb7 24. h4 Rc5 25. Bc1 Rd5 26. Rxd5 Qxd5 27. g5 Nd7 28. Be4 Qd4 29. Bc6 Qb4 30. Rd1 Rd8 31. Be3 Nc5 32. Bd5 Nd7 33. h5 Rc8 34. f6 Kh8 35. fxg7+ Bxg7 36. Qh3 Rd8 37. h6 Bf8 38. Qf5 Be7 39. Be4 Nf8 40. Qxf7 Qxe4 41. Qg7# 1-0

[Event "Wch U10"]
[Site "Montesilvano"]
[Date "2024.11.22"]
[Round "7"]
[White "Anand, Tsogtbileg"]
[Black "Advik, Amit Agrawal"]
[Result "0-1"]
[WhiteElo "1974"]
[BlackElo "1982"]
[PlyCount "148"]
[EventDate "2024.11.15"]
[EventType "swiss"]
[EventRounds "11"]
[EventCountry "ITA"]
[SourceTitle "CB48_2024"]
[SourceDate "2024.11.28"]
[SourceVersion "1"]
[SourceVersionDate "2024.11.28"]
[SourceQuality "1"]

1. Nf3 e6 2. g3 d5 3. Bg2 Nf6 4. 0-0 Be7 5. d4 0-0 6. c4 Nbd7 7. Nc3 dxc4 8. e3 c5 9. Qe2 a6 10. dxc5 Nxc5 11. Rd1 Qc7 12. Qxc4 b5 13. Qf4 Qxf4 14. exf4 Bb7 15. Ne5 Rac8 16. Be3 Bxg2 17. Kxg2 b4 18. Ne2 Rc7 19. Rac1 Rfc8 20. Rc4 Nd5 21. b3 f6 22. Nf3 Kf7 23. Rdc1 Nd3 24. Rxc7 Rxc7 25. Rxc7 Nxc7 26. Nc1 Nxc1 27. Bxc1 Nb5 28. Bb2 Bc5 29. g4 Bd6 30. f5 exf5 31. gxf5 Bc5 32. Ne1 a5 33. Nd3 Bb6 34. Kf3 Nd6 35. Kg4 Ba7 36. a3 bxa3 37. Bxa3 Ne4 38. b4 a4 39. Nb2 Nc3 40. f3 Nb5 41. Nc4 Bb8 42. Bc1 Bxh2 43. f4 Bg1 44. Na3 Nd6 45. Nc2 Bb6 46. Na3 Bd4 47. Nc2 Bc3 48. Kf3 h5 49. b5 Nxb5 50. Kg3 Nd6 51. Kh4 Nxf5+ 52. Kxh5 g6+ 53. Kg4 Ke6 54. Na3 Bb4 55. Nb5 Kd5 56. Nc7+ Ke4 57. Bb2 Nh6+ 58. Kh3 f5 59. Kh4 Be7+ 60. Kh3 a3 61. Bc1 a2 62. Bb2 Ng4 63. Nb5 Bb4 64. Bc3 Ne3 65. Kh4 Nd5 66. Bb2 Nxf4 67. Kg5 Be7+ 68. Kh6 g5 69. Nc3+ Kf3 70. Nxa2 g4 71. Bc1 Ne2 72. Bd2 g3 73. Ba5 Bc5 74. Bc7 f4 0-1

[Event "Wch U10"]
[Site "Montesilvano"]
[Date "2024.11.16"]
[Round "2"]
[White "Advik, Amit Agrawal"]
[Black "Katta, Sriansh"]
[Result "1-0"]
[WhiteElo "1982"]
[BlackElo "1766"]
[PlyCount "145"]
[EventDate "2024.11.15"]
[EventType "swiss"]
[EventRounds "11"]
[EventCountry "ITA"]
[SourceTitle "CB48_2024"]
[SourceDate "2024.11.28"]
[SourceVersion "1"]
[SourceVersionDate "2024.11.28"]
[SourceQuality "1"]

1. e4 c5 2. Nf3 Nc6 3. Bb5 g6 4. 0-0 Bg7 5. Bxc6 dxc6 6. d3 Nf6 7. Re1 Nd7 8. e5 0-0 9. Nc3 b6 10. Bf4 h6 11. Qd2 Kh7 12. h4 Nb8 13. Ne4 Bf5 14. Ng3 Bg4 15. Qe3 Na6 16. Nh2 Be6 17. Ne4 Nb4 18. Qe2 Nd5 19. Bg3 Qd7 20. a3 a5 21. Rad1 Rad8 22. h5 Qc8 23. f4 Bf5 24. Qf3 Qd7 25. Bf2 gxh5 26. c4 Bg4 27. Nxg4 hxg4 28. Qg3 Nc7 29. Qh4 f6 30. exf6 exf6 31. Ng3 f5 32. Re7 Qd6 33. Nh5 Rd7 34. Rde1 Rf7 35. R7e5 Qxd3 36. Nxg7 Kxg7 37. Qh5 Rd6 38. b3 g3 39. Be3 Rg6 40. Bc1 Qd4+ 41. Kh1 Qd7 42. Bb2 Kh7 43. Qe2 Qd8 44. Re7 Qf8 45. Qe5 Rgg7 46. Qxg7+ Qxg7 47. Bxg7 Kxg7 48. R7e3 Kf6 49. Rxg3 Ne6 50. Rh3 Nxf4 51. Rxh6+ Ng6 52. Rd1 Kg5 53. Rh3 Nf4 54. Rg3+ Kf6 55. Re3 Rh7+ 56. Kg1 Rc7 57. Rd6+ Kg5 58. g3 Nh5 59. Kg2 Nf6 60. Ree6 Ng4 61. Rxc6 Rd7 62. Rcd6 Rh7 63. Rg6+ Kh5 64. Rxb6 Rd7 65. Rgd6 Re7 66. Re6 Rd7 67. Rbd6 Rb7 68. Rd3 a4 69. bxa4 Rb2+ 70. Kf1 Rf2+ 71. Ke1 Rc2 72. a5 Rxc4 73. a6 1-0

[Event "IND-ch U15 49th"]
[Site "Hosur"]
[Date "2024.11.11"]
[Round "11"]
[White "Advik, Amit Agrawal"]
[Black "Vedant, Garg"]
[Result "1-0"]
[WhiteElo "1982"]
[BlackElo "1943"]
[PlyCount "127"]
[EventDate "2024.11.03"]
[EventType "swiss"]
[EventRounds "11"]
[EventCountry "IND"]
[SourceTitle "CB45_2024"]
[Source "ChessBase"]
[SourceDate "2024.11.06"]
[SourceVersion "1"]
[SourceVersionDate "2024.11.06"]
[SourceQuality "1"]

1. e4 e5 2. Nf3 Nc6 3. Bc4 Nf6 4. d3 h6 5. c3 d6 6. a4 g6 7. 0-0 Bg7 8. Re1 0-0 9. Nbd2 a5 10. Ba2 Kh7 11. Nc4 Be6 12. Bd2 Re8 13. b4 b6 14. b5 Ne7 15. d4 Nxe4 16. Rxe4 Bxc4 17. Bxc4 d5 18. Re1 dxc4 19. Nxe5 Qd5 20. Bf4 Rad8 21. Qc2 Nf5 22. Nc6 Rxe1+ 23. Rxe1 Rd7 24. f3 Nd6 25. Be5 f6 26. Bf4 h5 27. Re7 Nf5 28. Re2 Bh6 29. Bxh6 Nxh6 30. Re7+ Rxe7 31. Qxg6+ Kxg6 32. Nxe7+ Kf7 33. Nxd5 Nf5 34. Kf2 Nd6 35. Nxc7 Kg6 36. Nd5 Nc8 37. Ke3 Kf5 38. h4 Kg6 39. Kf4 Kf7 40. g4 Kg6 41. Ne3 Nd6 42. d5 hxg4 43. fxg4 Kf7 44. Nf5 Nb7 45. d6 Nc5 46. h5 Nd3+ 47. Ke3 Ne5 48. h6 Ke6 49. h7 Nf7 50. Kd4 Nh8 51. Kxc4 Nf7 52. Kd4 Nh8 53. c4 Nf7 54. c5 bxc5+ 55. Kxc5 Kd7 56. Nh6 Nh8 57. b6 Kc8 58. Kc6 Ng6 59. b7+ Kb8 60. h8R+ Nxh8 61. d7 Nf7 62. Nxf7 f5 63. d8R+ Ka7 64. Ra8# 1-0

[Event "IND-ch U11 37th"]
[Site "Hyderabad"]
[Date "2024.10.10"]
[Round "11"]
[White "Sondhi, Mehul"]
[Black "Advik, Amit Agrawal"]
[Result "0-1"]
[WhiteElo "1863"]
[BlackElo "1887"]
[PlyCount "80"]
[EventDate "2024.10.04"]
[EventType "swiss"]
[EventRounds "11"]
[EventCountry "IND"]
[SourceTitle "CB47_2024"]
[SourceDate "2024.11.20"]
[SourceVersion "1"]
[SourceVersionDate "2024.11.20"]
[SourceQuality "1"]

1. e4 e6 2. d4 d5 3. Nd2 dxe4 4. Nxe4 Nd7 5. Nf3 Ngf6 6. Ng3 Be7 7. Bd3 0-0 8. 0-0 c5 9. c3 b6 10. Qe2 Bb7 11. Be3 Qc7 12. dxc5 Nxc5 13. Bxc5 Qxc5 14. Ne4 Qh5 15. Nxf6+ Bxf6 16. Be4 Bxe4 17. Qxe4 Rad8 18. Rad1 Qb5 19. Qc2 Qc6 20. Qe2 Qc5 21. Nd2 Qc6 22. Ne4 Be7 23. c4 a6 24. b3 b5 25. cxb5 axb5 26. Rc1 Qb6 27. Nc3 b4 28. Na4 Qa7 29. Rc2 Rd5 30. g3 Rfd8 31. Kg2 h6 32. h4 Qd4 33. Rfc1 Re5 34. Qf3 Rf5 35. Qe2 Bxh4 36. gxh4 Qxh4 37. f4 Rxf4 38. Rc4 Qg5+ 39. Kh3 Rd3+ 40. Qxd3 Qg4+ 0-1

[Event "IND-ch U11 37th"]
[Site "Hyderabad"]
[Date "2024.10.08"]
[Round "9"]
[White "Advik, Amit Agrawal"]
[Black "Mani, Sarbartho"]
[Result "1-0"]
[WhiteElo "1887"]
[BlackElo "1757"]
[PlyCount "97"]
[EventDate "2024.10.04"]
[EventType "swiss"]
[EventRounds "11"]
[EventCountry "IND"]
[SourceTitle "CB47_2024"]
[SourceDate "2024.11.20"]
[SourceVersion "1"]
[SourceVersionDate "2024.11.20"]
[SourceQuality "1"]

1. e4 e6 2. d4 d5 3. e5 c5 4. c3 Nc6 5. Nf3 Nh6 6. Bxh6 gxh6 7. Bb5 Bd7 8. Bxc6 Bxc6 9. 0-0 cxd4 10. Nxd4 Bg7 11. f4 0-0 12. Nd2 Bd7 13. Kh1 Kh8 14. Qh5 f6 15. Qe2 fxe5 16. fxe5 Qe7 17. Rae1 Rae8 18. N2b3 b6 19. Nc1 Rxf1+ 20. Rxf1 Rf8 21. Nd3 Kg8 22. Rf3 Rxf3 23. gxf3 Be8 24. Nf4 Bf7 25. Nd3 Bg6 26. Nb4 Be8 27. f4 a5 28. Nbc6 Qc7 29. Qg4 Qd7 30. Nxe6 Bg6 31. Ncd4 h5 32. Qg5 Be4+ 33. Kg1 h6 34. Qxg7+ Qxg7+ 35. Nxg7 Kxg7 36. h4 Kg6 37. Kf2 Bb1 38. a3 Be4 39. b4 a4 40. e6 Kf6 41. Ke3 Bb1 42. f5 Be4 43. Kf4 Bd3 44. e7 Kxe7 45. Ke5 Be4 46. f6+ Kf7 47. Nb5 Bh1 48. Nd6+ Kf8 49. Nc8 1-0

[Event "Pune op U1800 11th"]
[Site "Pune"]
[Date "2024.05.26"]
[Round "9"]
[White "Advik, Amit Agrawal"]
[Black "Tikam, Aradhya"]
[Result "1-0"]
[WhiteElo "1781"]
[BlackElo "1699"]
[PlyCount "117"]
[EventDate "2024.05.24"]
[EventType "swiss"]
[EventRounds "9"]
[EventCountry "IND"]
[SourceTitle "CBM 220 Extra"]
[Source "ChessBase"]
[SourceDate "2024.07.31"]
[SourceVersion "1"]
[SourceVersionDate "2024.07.31"]
[SourceQuality "1"]

1. e4 e6 2. d4 d5 3. e5 c5 4. c3 Nc6 5. Nf3 Qb6 6. a3 cxd4 7. cxd4 Nh6 8. b4 Nf5 9. Bb2 Be7 10. Bd3 Bd7 11. Bxf5 exf5 12. Nc3 Be6 13. 0-0 0-0 14. Qd3 a6 15. Rac1 Rad8 16. Rfd1 Rfe8 17. Ne2 Na7 18. Nc3 Nc6 19. h4 Qa7 20. Ne2 Nb8 21. Nf4 Nd7 22. g3 Nb6 23. Nd2 Rc8 24. Qb3 a5 25. bxa5 Qxa5 26. Bc3 Qa6 27. Bb4 Qb5 28. Bxe7 Qxb3 29. Nxb3 Rxc1 30. Rxc1 Rxe7 31. Na5 h6 32. h5 Kh7 33. Kf1 Na4 34. Ke2 b6 35. Nb3 Nb2 36. Nd2 Ra7 37. Rc2 Na4 38. Nf1 Bd7 39. Ne3 Bb5+ 40. Kf3 Rd7 41. Nxf5 Bc4 42. Ne3 Bb3 43. Rc6 b5 44. Kg2 Nb2 45. Rb6 Bc4 46. Nxc4 Nxc4 47. Rxb5 Nxa3 48. Rc5 Kg8 49. Kf3 Nc4 50. Rxd5 Rxd5 51. Nxd5 Kf8 52. Ke2 Ke8 53. Kd3 Nb2+ 54. Ke4 Nd1 55. f4 Nb2 56. f5 Kd7 57. f6 gxf6 58. Nxf6+ Kd8 59. Ng4 1-0